000 00579nam a2200193 4500
001 3861
005 20230411085805.0
008 060907n2001 dr spa
020 _a8449419735
035 _9funglode3880
041 _aES
050 1 4 _aR D 59 H673 2001
245 0 _aHistoria de las antiguas civilizaciones /
_cdirección de la obra, José A. Vidal
260 _aBarcelona :
_bOcéano Grupo Editorial,
_c2001
300 _a3 v.
505 _av.1: Primeras civilizaciones. -- v.2: Grecia. -- v.3: Roma
700 _aVidal, José A.
942 _2lcc
_cbk
999 _c107413
_d107413